Music learning and teaching in culturally and socially diverse contexts :implications for classroom practice
Guardat en:
| Autor principal: | |
|---|---|
| Format: | Llibre |
| Idioma: | anglès |
| Publicat: |
Palgrave Macmillan
2018
|
| Etiquetes: |
Afegir etiqueta
Sense etiquetes, Sigues el primer a etiquetar aquest registre!
|
MARC
| LEADER | 00000nam a22000007a 4500 | ||
|---|---|---|---|
| 008 | 240422b |||||||| |||| 00| 0 eng d | ||
| 020 | |a 9783030070311 | ||
| 100 | |a Barton Georgina | ||
| 245 | |a Music learning and teaching in culturally and socially diverse contexts |b :implications for classroom practice |c Georgina Barton |g xix,215p | ||
| 260 | |b Palgrave Macmillan |c 2018 |h Cham, Switzerland |i 701163 |i 701164 |l MT1.B23 |m Music- Instruction and study |m Instruction |m Learning |m Teaching | ||
| 500 | |a It includes index and references | ||
| 942 | |a lcc |c BK |e Adeyemo O.O |f 22/04/2024 | ||
| 952 | |0 0 |1 0 |2 lcc |4 0 |6 MT0001 B23 |7 0 |9 5089 |a ART |b HOL |c LP |d 2024-04-22 |l 0 |o MT1.B23 |p 2024-0337 |r 2024-04-22 00:00:00 |t 701163 |w 2024-04-22 |y BK | ||
| 952 | |0 0 |1 0 |2 lcc |4 0 |6 MT0001 B23 |7 0 |9 5090 |a HOL |b HOL |c LP |d 2024-04-22 |l 0 |o MT1.B23 |p 2024-0338 |r 2024-04-22 00:00:00 |t 701164 |w 2024-04-22 |y BK | ||
| 999 | |c 2525 |d 2525 | ||